000 00333nam a22001097a 4500
008 230704b xxu||||| |||| 00| 0 eng d
082 _a341.0246
_bMUT 1976
245 _aState Succession to Treaties in Respect of Newly Independent African States
260 _bEast African Literature Bureau
_c1976
300 _aX,126p
942 _2ddc
_cBK
999 _c3934
_d3934